00603nam a2200157 a 4500020001500000040000800015082002600023245019200049260007300241300002900314650003100343650003100374650001600405942000700421999001700428 a9711041243 cDLC00a631 INT 1985 A044 Or.10aBiotechnology in international agricultural research :bproceedings of the Inter-Center Seminar on International Agricultural Research Centers (IARCs) and Biotechnology, 23-27 April 1984. aManila, Philippines :bInternational Rice Research Institute,c1985. a435 p. :bill. ;c23 cm. 0aAgricultural biotechnology 0aAgricultural biotechnology 0aAgriculture cEK c12913d12913